Statistics for Serie A top scorers of 2000s

Click here to take the quiz!

General Stats

  • This quiz has been taken 72 times
  • The average score is 22 of 50

Answer Stats

NationalityPlayerGoals% Correct
UkraineAndriy Shevchenko127
98%
SwedenZlatan Ibrahimovic80
96%
FranceDavid Trezeguet116
90%
ItalyFilippo Inzaghi93
90%
ItalyAlessandro Del Piero117
87%
ItalyFrancesco Totti142
87%
ArgentinaHernan Crespo99
85%
Czech RepublicPavel Nedved52
83%
ItalyChristian Vieri114
79%
BrasilKaka70
77%
ArgentinaGabriel Batistuta55
75%
MakedoniaGoran Pandev49
73%
ItalyAntonio Di Natale73
71%
ItalyAlberto Gilardino114
69%
ItalyLuca Toni91
69%
RomaniaAdrian Mutu86
65%
ItalyAntonio Cassano67
56%
ItalyRoberto Baggio49
56%
BrasilAdriano81
54%
ItalyFabio Quagliarella41
54%
MontenegroMirko Vucinic51
54%
NetherlandsClarence Seedorf43
50%
ItalyMarco Di Vaio86
42%
ItalyVincenzo Iaquinta77
42%
ItalyFabrizio Miccoli51
38%
HondurasDavid Suazo52
37%
ItalyGiampaolo Pazzini39
37%
ItalyVincenzo Montella88
37%
ArgentinaJulio Ricardo Cruz77
35%
ItalyAmauri53
33%
ItalyTommaso Rocchi85
31%
ItalyDario Hubner58
29%
ItalySergio Pellissier50
29%
ItalyCristiano Lucarelli104
27%
ItalyEnrico Chiesa68
25%
BrasilMancini40
25%
ItalyGiuseppe Signori52
23%
UruguayAlvaro Recoba51
21%
ItalyCristiano Doni74
19%
ItalyBernardo Corradi54
15%
ItalyNicola Amoruso81
15%
ItalyDavid Di Michele60
13%
ItalyStefano Fiore43
8%
ItalyAndrea Caracciolo43
6%
ItalyEmiliano Bonazzoli48
6%
ItalyFrancesco Flachi40
6%
ItalyMarco Ferrante43
6%
ItalyRoberto Muzzi46
6%
ItalyFrancesco Cozza42
4%
ItalyClaudio Belluci40
2%

Score Distribution

Percentile by Number Answered

Percent of People with Each Score

Your Score History

You have not taken this quiz